| 000 | 00584nam a22001457a 4500 | ||
|---|---|---|---|
| 999 |
_c127441 _d127441 |
||
| 005 | 20220810113534.0 | ||
| 008 | 220801b ||||| |||| 00| 0 eng d | ||
| 040 | _cPK-LaUMT | ||
| 082 |
_aAPC 297.4092 _bALA-A |
||
| 100 | _aAlam Faqari = عالم فقری | ||
| 245 |
_aAftab Zanjan = آفتاب زنجان : سوانح حیات قطب الاقطاب حضرت سید شاہ حسین زنجانی المعروف حضرت سید میراں حسین زنجانی / _cby Alam Faqari = عالم فقری |
||
| 260 |
_aLahore : _bShabir Brothers, _c1994 |
||
| 300 | _a224 p. | ||
| 942 | _cBK | ||